000
00284nam a2200109Ia 4500
008
220204s9999 xx 000 0 und d
082
_a
658.7
_b
KIV
100
_a
Kivenko, Kenneth
245
0
_a
Managing work in process inventory
260
_a
New York
_b
Marcel Dekker
_c
1981
942
_c
BK
999
_c
36294
_d
36294